5HLuxD.jpg

KING HENRY VIII SENIOR AND PRIMARY SCHOOL LIBRARY OPAC

OCTOBER,OCTOBER (Record no. 5470)

000 -LEADER
fixed length control field 00365nam a22001217a 4500
008 - FIXED-LENGTH DATA ELEMENTS--GENERAL INFORMATION
fixed length control field 250919b ||||| |||| 00| 0 eng d
020 ## - INTERNATIONAL STANDARD BOOK NUMBER
International Standard Book Number 9781526601934
082 ## - DEWEY DECIMAL CLASSIFICATION NUMBER
Classification number 823.92 BAL
100 ## - MAIN ENTRY--PERSONAL NAME
Relator term BALEN,KATYA
Language of a work ENGLISH
245 ## - TITLE STATEMENT
Title OCTOBER,OCTOBER
260 ## - PUBLICATION, DISTRIBUTION, ETC.
Place of publication, distribution, etc. 50 BEDFORD SQUARE,LONDON WC1B 3DP,UK
Name of publisher, distributor, etc. BLOOMSBURY PUBLISHING PLC/BLOOMSBURY CHILDREN'S BOOK
Date of publication, distribution, etc. 2020
942 ## - ADDED ENTRY ELEMENTS (KOHA)
Source of classification or shelving scheme
Holdings
Withdrawn status Lost status Source of classification or shelving scheme Damaged status Not for loan Collection code Permanent Location Current Location Shelving location Date acquired Source of acquisition Total Checkouts Full call number Barcode Date last seen Date last checked out Price effective from Koha item type Public note
          Fiction KH8 Primary School Library KH8 Primary School Library Fiction 2025-09-19 SOF 2 823.92 BAL KHPL000007177 2025-12-05 2025-11-10 2025-09-19 Books - Fiction PRIMARY LIBRARY

Powered By KH8 IT Dept